| 000 | 00423cam a22001337a 4500 | ||
|---|---|---|---|
| 008 | 180718b2002 xxu||||| |||| 00| 0 eng d | ||
| 082 | _aA81x54 01/07/PAP3/01 | ||
| 100 | _aCensus of India 2001 | ||
| 245 | _aHaryana: provisional population totals | ||
| 260 |
_aDelhi _bController of Publications _c2002 |
||
| 300 | _a419+p. | ||
| 440 | _aCensus of India 2001. Series-7, Haryana. Paper-3 of 2001 | ||
| 650 | _aHaryana - Census | ||
| 999 |
_c488642 _d488642 |
||